Analýza současného stavu dividendové politiky ve vybraných a.s. v ČR

Úloha dividendovej politiky. Dividendové teórie a typy dividendovej politiky. Analýza vyplácania dividend vybraných akciových spoločností v Českej republike.

Na minha lista:
Detalhes bibliográficos
Autor principal: Kráľovič, Jozef
Outros Autores: Lojda, Jan
Formato: Capítulo de Livro
Idioma:tcheco
Assuntos:
Tags: Adicionar Tag
Sem tags, seja o primeiro a adicionar uma tag!

MARC

LEADER 00000naa$a2200000$$$4500
001 0111126
005 20240502083256.9
041 0 |a cze 
044 |a CZ 
245 1 0 |a Analýza současného stavu dividendové politiky ve vybraných a.s. v ČR  |c Jozef Kráľovič, Jan Lojda, Jan Lojda 
520 |a Úloha dividendovej politiky. Dividendové teórie a typy dividendovej politiky. Analýza vyplácania dividend vybraných akciových spoločností v Českej republike. 
610 2 0 |a politika dividendová 
610 2 0 |a dividendy 
610 2 0 |a spoločnosti akciové 
610 2 0 |a akcionári 
610 2 0 |a akcie 
610 2 0 |a Česko 
100 1 |a Kráľovič, Jozef 
700 1 |a Lojda, Jan 
700 1 |a Lojda, Jan